000 01230cam a2200313 i 4500
001 19273862
005 20260217071940.0
008 160914s2017 mau 000 0 eng
010 _a 2016953907
020 _a9781848449770
035 _a19273862
040 _aDLC
_beng
_erda
_cDLC
042 _apcc
082 _a338.064 MET
245 1 0 _aCreative destruction, vol. 1-2 /
_cedited by J. Stanley Metcalfe and Ronnie Ramlogan.
264 1 _aCheltenham :
_bEdward Elgar Publishing,
_c2017.
300 _a2 volumes ;
_c26 cm.
490 0 _aThe international library of critical writings in economics ;
_v330
490 0 _aAn Elgar research collection
650 0 _aCreative destruction.
650 0 _aTechnological innovations
_xEconomic aspects.
650 0 _aTechnology transfer.
700 1 _aMetcalfe, J. S.
700 1 _aRamlogan, R.
856 _uhttps://www.e-elgar.com/shop/gbp/creative-destruction-9781848449770.html?srsltid=AfmBOorlb_RW-cmZU0gt7ea3HwhVVVo8RjbnpVDmzsvEuuRM28R2K5zQ
_yTable of contents
906 _a7
_bcbc
_corigres
_d2
_encip
_f20
_gy-gencatlg
942 _2ddc
_cBK
999 _c112827
_d112827